| 000 | 00598nam a22001937a 4500 | ||
|---|---|---|---|
| 003 | URS | ||
| 005 | 20251011140105.0 | ||
| 008 | 251004b |||||||| |||| 00| 0 eng d | ||
| 040 | _cURS | ||
| 100 |
_aVogt, John. _eAuthor |
||
| 245 |
_aA practical guide using and choosing Incterms rules correctly for global trade/ _cJohn Vogt |
||
| 300 | _apages 34-39 | ||
| 336 |
_2rdacontent _atext _btxt |
||
| 337 |
_2rdamedia _aunmediated _bn |
||
| 338 |
_2rdacarrier _avolume _bnc |
||
| 700 | _aDavis, Jonathan. | ||
| 773 | 0 |
_087108 _992254 _oPIL-15219747-29-2 _tSupply Chain Management Review |
|
| 942 |
_2ddc _cCR |
||
| 999 |
_c87121 _d87119 |
||